Happiest Countries 2019 - Statistics

General Stats
  • This quiz has been taken 71 times
  • The average score is 35 of 50
Answer Stats
Hint Answer % Correct
7 Sweden
98%
1 Finland
97%
3 Norway
97%
19 United States
97%
11 Australia
94%
9 Canada
94%
2 Denmark
94%
30 Spain
92%
6 Switzerland
92%
10 Austria
91%
4 Iceland
89%
8 New Zealand
89%
24 France
88%
36 Italy
86%
15 United Kingdom
86%
18 Belgium
83%
17 Germany
83%
16 Ireland
83%
14 Luxembourg
83%
26 Chile
82%
5 Netherlands
80%
32 Brazil
78%
47 Argentina
77%
23 Mexico
77%
40 Poland
74%
44 Slovenia
69%
38 Slovakia
68%
20 Czech Republic
66%
21 United Arab Emirates
66%
34 Singapore
65%
43 Columbia
63%
29 Qatar
63%
12 Costa Rica
58%
22 Malta
58%
13 Israel
57%
31 Panama
57%
33 Uruguay
57%
48 Romania
55%
28 Saudi Arabia
55%
42 Lithuania
54%
25 Taiwan
54%
50 Ecuador
49%
49 Cyprus
46%
37 Bahrain
40%
45 Nicaragua
40%
27 Guatemala
37%
35 El Salvador
35%
46 Kosovo
25%
39 Trinidad & Tobago
23%
41 Uzbekistan
5%
No matching quizzes found
Score Distribution
Percent of People with Each Score
Percentile by Number Answered
Your Score History
You have not taken this quiz